Mississippi State Parks - Statistics

General Stats
  • This quiz has been taken 2 times
  • The average score is 11 of 21
Answer Stats
Answer % Correct
Buccaneer State Park
100%
Tombigbee State Park
100%
Clarkco State Park
50%
Clark Creek State Park
50%
George P. Cossar State Park
50%
Golden Memorial State Park
50%
Hugh White State Park
50%
John W. Kyle State Park
50%
J.P. Coleman State Park
50%
Lake Lincoln State Park
50%
Lake Lowndes State Park
50%
LeFleur's Bluff State Park
50%
Legion State Park
50%
Leroy Percy State Park
50%
Paul B. Johnson State Park
50%
Percy Quin State Park
50%
Roosevelt State Park
50%
Tishomingo State Park
50%
Trace State Park
50%
Wall Doxey State Park
50%
Bob M. Natchez State Park
0%
No matching quizzes found
Score Distribution
Percent of People with Each Score
Percentile by Number Answered
Your Score History
You have not taken this quiz